| 000 | 00831cam a2200265 a 4500 | ||
|---|---|---|---|
| 001 | 4435023 | ||
| 003 | OSt | ||
| 005 | 20180123042613.0 | ||
| 008 | 941107s1995 nyu b 001 0 eng | ||
| 010 | _a 94041973 | ||
| 020 | _a1570750130 | ||
| 020 | _a1570750106 (pbk.) | ||
| 040 |
_aDLC _cDLC _dDLC |
||
| 041 | _aeng | ||
| 043 | _an-us--- | ||
| 080 | _a303.61 | ||
| 082 | 0 | 0 |
_a303.61 LYN _220 |
| 100 | _a19 | ||
| 101 | _aSHP | ||
| 245 | 0 | 0 |
_aNonviolence in America : _cedited by Staughton Lynd and Alice Lynd. |
| 504 | _aIncludes bibliographical references and index. | ||
| 906 |
_a7 _bcbc _corignew _d1 _eocip _f19 _gy-gencatlg |
||
| 942 |
_2ddc _cBK |
||
| 999 |
_c40741 _d40741 |
||